| 000 | 01587cam a2200349 a 4500 | ||
|---|---|---|---|
| 999 |
_c27673 _d27673 |
||
| 001 | 12685768 | ||
| 003 | OSt | ||
| 005 | 20170209155343.0 | ||
| 008 | 020220s2002 waua 000 0 eng | ||
| 010 | _a 2002024559 | ||
| 020 | _a0295982071 (alk. paper) | ||
| 035 | _a(DLC) 2002024559 | ||
| 035 | _a(DLC)1699 | ||
| 040 |
_aDLC _cDLC _dDLC |
||
| 042 | _apcc | ||
| 043 | _aa-ii--- | ||
| 050 | 0 | 0 | _aNA1508.C44 .P73 2002 |
| 082 | 0 | 0 |
_a720/.954/552 _221 |
| 100 | 1 |
_aPrakash, Vikramaditya. _d2002- |
|
| 245 | 1 | 0 |
_aChandigarh's Le Corbusier : _bthe struggle for modernity in postcolonial India / _cVikramaditya Prakash. |
| 260 |
_aSeattle : _bUniversity of Washington Press, _c2002. |
||
| 300 |
_avii, 178 p. : _bill. (some col.) ; _c26 cm. |
||
| 440 | 0 | _aStudies in modernity and national identity | |
| 600 | 0 | 0 |
_aLe Corbusier, _d2002. |
| 650 | 0 |
_aArchitecture _zIndia _zChandīgarh _xHistory _y20th century. |
|
| 650 | 0 |
_aCity planning _zIndia _zChandīgarh _xHistory _y20th century. |
|
| 651 | 0 |
_aChandīgarh (India) _xSocial conditions. |
|
| 856 | 4 | 1 |
_3Table of contents _uhttp://www.loc.gov/catdir/toc/fy036/2002024559.html |
| 906 |
_a7 _bcbc _corignew _d1 _eocip _f20 _gy-gencatlg |
||
| 942 |
_2lcc _cBOOKS _hNA1508.C44 .P73 2002 _k35426 |
||